000 00477nmm a2200169Ia 4500
008 251105s9999||||xx |||||||||||||||||und||
020 _a9789560003355
041 _aspa
100 _aLafferte, Miguel
245 0 _aMáquinas de escribir
264 _a[Santiago de Chile, Chile] :
_bLOM Ediciones,
_c2012
300 _a268 páginas
490 _aNarrativa
650 _aLatin American literature
856 _uhttps://public.digitaliapublishing.com/a/126818
942 _cCF
999 _c93500
_d93500